Hermano rico, hermana rica (Registro nro. 11240)

Detalles MARC
000 -LIDER
fixed length control field 01288cam a2200385 i 4500
001 - NÚMERO DE CONTROL
Identificador de número de control
003 - IDENTIFICACDOR DE NÚMERO DE CONTROL
control field DO-SdBNP
005 - DATE AND TIME OF LATEST TRANSACTION
control field 20230328132814.0
007 - CAMPOS FIJOS DE DESCRIPCIÓN FÍSICA
fixed length control field 0000632
008 - ELEMENTOS DE LONGITUD FIJA
fixed length control field 100514s 2009 mx c | 000 f spa
015 ## - NÚMERO DENTRO DE LA BIBLIOGRAFÍA NACIONAL
National bibliography number
017 ## - NÚMERO DE REGISTRO DE DERECHOS DE AUTOR
Copyright or legal deposit number
Assigning agency
020 ## - ISBN
International Standard Book Number 9786071102348
035 ## - NÚMERO LOCAL
System control number
040 ## - FUENTE DE CATALOGACIÓN
Agencia que crea de manera original el registro BPMSU
Idioma de catalogación spa
Agencia que realiza la transcripción BPMSU
Convenciones de la despripción
080 ## - NÚMERO DE CLASIFICACIÓN DECIMAL UNIVERSAL
Universal Decimal Classification number
082 #4 - NÚMERO DE CLASIFICACIÓN DECIMAL DE DEWEY
Classification number 650.1
Item number K62h 2009
Edition number 22
100 1# - ASIENTO PRINCIPAL -- NOMBRE PERSONAL
Nombre personal Kiyosaki, Robert T.
Fechas asociadas con el nombre 1947-
243 ## - COLLECTIVE UNIFORM TITLE
Clave musical
245 10 - MENCIÓN DE TITULO
Título Hermano rico, hermana rica
Subtítulo dos caminos diferentes hacia Dios, el dinero y la felicidad /
Mención de responsabilidad Robert T. Kiyosaki, Emi Kiyosaki (venerable Tenzin Kacho) ; traducción Alejandra Ramos
260 ## - PUBLICACIÓN, DISTRIBUCIÓN, ETC. (PIE DE IMPRENTA)
Lugar de publicación, distribución, etc Méxio:
Nombre del editor, distribuidor, etc. Aguilar;
-- Santillana ediciones generales,
Fecha de publicación, distribución, etc 2009.
300 ## - DESCRIPCIÓN FÍSICA
Extensión 400 p.:
Otros detalles físicos retrato.
Dimensiones 23 cm
500 ## - NOTA GENERAL
Nota general Incluye datos biográficos de los autores
534 ## - NOTA SOBRE LA VERSIÓN ORIGINAL
Asiento principal del original Título original :
Mención del título original Rich brother rich sister: two differente paths to prosperity, god, and happines /
590 ## - NOTA LOCAL
Enlace Inventariado, 2023/VM
600 14 - ENCABEZAMIENTO DE MATERIA--NOMBRE PERSONAL
Nombre personal Kiyosaki, Robert T
Fechas asociadas con el nombre 1947-
Subdivisión de forma Autobiografías.
650 #4 - ENCABEZAMIENTO DE MATERIA--TEMÁTICO
Término temático o nombre geográfico como elemento de entrada Riqueza
650 #4 - ENCABEZAMIENTO DE MATERIA--TEMÁTICO
Término temático o nombre geográfico como elemento de entrada Felicidad
650 #4 - ENCABEZAMIENTO DE MATERIA--TEMÁTICO
Término temático o nombre geográfico como elemento de entrada Estilo de vida
650 #4 - ENCABEZAMIENTO DE MATERIA--TEMÁTICO
Término temático o nombre geográfico como elemento de entrada Espiritualidad.
700 12 - ASIENTO SECUNDARIO -- NOMBRE PERSONAL
Nombre personal Kiyosaki, Emi
700 12 - ASIENTO SECUNDARIO -- NOMBRE PERSONAL
Nombre personal Ramos, Alejandra
Mención de responsabilidad trad.
910 ## - VALIDACIÓN
Validación YLOCKWARD/VMateo V. Control de calidad (BPMSU)
942 ## - ADDED ENTRY ELEMENTS (KOHA)
Source of classification or shelving scheme Dewey Decimal Classification
Koha item type Libros
Existencias
Withdrawn status Lost status Source of classification or shelving scheme Damaged status Not for loan Collection code Home library Current library Date acquired Source of acquisition Full call number Barcode Date last seen Price effective from Koha item type Copy number
    Dewey Decimal Classification     Colección General Biblioteca Pública Metropolitana Salomé Ureña Biblioteca Pública Metropolitana Salomé Ureña 08/31/2016 Alfaguara BPMSU CG 650.1 K62h 2009 BPMSU16080318 08/31/2016 08/31/2016 Libros  
    Dewey Decimal Classification     Colección General Biblioteca Pública Metropolitana Salomé Ureña Biblioteca Pública Metropolitana Salomé Ureña 08/31/2016 Alfaguara BPMSU CG 650.1 K62h 2009 BPMSU16080319 08/31/2016 08/31/2016 Libros e.2
    Dewey Decimal Classification     Colección General Biblioteca Pública Metropolitana Salomé Ureña Biblioteca Pública Metropolitana Salomé Ureña 08/31/2016 Alfaguara BPMSU CG 650.1 K62h 2009 BPMSU16080320 08/31/2016 08/31/2016 Libros e.3